00701cam a22002172 4500001001100000005001700011008004100028020001700069040001500086100003000101245006900131250001300200260003500213300001800248650004900266852001400315908001100329950000600340999001500346952012200361000001840220151217152127.0091026s xx 000 0 eng d a0321330625 : aKABUcKABU1 aKelby, Scott.@000017763414aThe Photoshop cs2 book for digital photographers /cScott Kelby. a1st ed. aNew York :bNew Riders,c2005. axvii, 457 p. 0aPhotographyxDigital techniques.@00001777041 9p3045 KES a091026 @1 c8555d8555 00102lcc70aKABUbKABUd2015-12-17l2oTR267 .K45 2005 c. 1p18209r2023-02-19 00:00:00s2023-02-05w2015-12-17yBK